01011nam a2200277 i 4500001000300000003000400003005001700007008003900024015001600063040001400079041000800093041000800101080001200109080001000121080001200131100004500143245019600188260002700384300002800411650003100439650003500470650004100505655003000546710005900576856009800635bgBPK20250820063551.0000114s1980 pl a f f |000 0 eng aPB 1981/159 aWA NcBPK0 aeng0 apol a811.111 a621.3 a(075.8)1 aSokołowska, Alinac(filolożka)eAutor10aElectricity and electronics :bskrypt dla studentów wyższych szkół technicznych do przedmiotu Język angielski /cAlina Sokołowska ; Politechnika Krakowska im. Tadeusza Kościuszki. aKraków :bPK,c1980. a153 s. :bil. ;c24 cm. 4aElektronikaxterminologia. 4aElektrotechnikaxterminologia. 4aJęzyk angielskixszkoły wyższe. 4aPodręczniki akademickie2 aPolitechnika Krakowska im. Tadeusza Kościuszki4pbl. uhttp://koha.tu.koszalin.pl/cgi-bin/koha/opac-detail.pl?biblionumber=19588yKatalog online BPK